书目信息 |
| 题名: |
山东省级非物质文化遗产普及用书
|
|
| 作者: | 付俊海 , 山东省文化和旅游厅 主编 ;山东省文化和旅游厅 编 | |
| 分册: | 传统医药卷 | |
| 出版信息: | 济南 济南出版社 2021 |
|
| 页数: | 163页 | |
| 开本: | 24cm | |
| 丛书名: | ||
| 单 册: | ||
| 中图分类: | G127.52-49 , R2 , G127.52 | |
| 科图分类: | ||
| 主题词: | 非物质文化遗产--山东--普及读物 , 中国医药学--介绍--山东 | |
| 电子资源: | ||
| ISBN: | 978-7-5488-4478-5 | |
| 000 | 01541nam 2200301 450 | |
| 001 | 2337173680 | |
| 005 | 20231129102030.82 | |
| 010 | @a978-7-5488-4478-5@dCNY56.00 | |
| 010 | @a济南@c济南出版社@d2021 | |
| 100 | @a20211019d2021 em y0chiy50 ea | |
| 101 | 0 | @achi |
| 102 | @aCN@b370000 | |
| 105 | @aa z 000yy | |
| 200 | 0 | @a山东省级非物质文化遗产普及用书@Ashan dong sheng ji fei wu zhi wen hua yi chan pu ji yong shu@i传统医药卷@f山东省文化和旅游厅@FShan Dong Sheng Wen Hua He Lu You Ting |
| 210 | @a济南@c济南出版社@d2021 | |
| 215 | @a163页@c图@d24cm | |
| 314 | @a本书主编:付俊海 | |
| 330 | @a本书是“山东省级非物质文化遗产普及读本”中的传统医药卷。它选取了有关东阿阿胶、宏济堂中医药等一系列山东省传统中医药的故事,按照地域排列,向读者展现了山东省丰富、深厚的中医药文化遗产。本书共包含34个省级传统医药项目。内容主要是以各市申报省级非物质文化遗产代表性项目的素材资料为依据。每一个非物质文化遗产项目都是以故事叙述与文化阐释相结合的形式呈现,兼具可读性与知识性;每个故事都配有相应的插图,图文互补,使知识体系更加完整,也增强了图书的趣味性和可读性;语言通俗易懂、叙事生动,富有民间文学艺术气息;资料充实,内容丰富,篇幅适中。 | |
| 606 | 0 | @a非物质文化遗产@y山东@j普及读物 |
| 606 | 0 | @a中国医药学@x介绍@y山东 |
| 690 | @aG127.52-49@v5 | |
| 690 | @aR2@v5 | |
| 690 | @aG127.52@v4 | |
| 701 | 0 | @a付俊海@Afu jun hai@4主编 |
| 701 | 0 | @a山东省文化和旅游厅@AShan Dong Sheng Wen Hua He Lu You Ting |
| 712 | 02 | @a山东省文化和旅游厅@Ashan dong sheng wen hua he lv you ting@4编 |
| 801 | 0 | @aCN@b91MARC@c20211104 |
| 905 | @aZUCC@dG127.52@e4:1 | |
| 山东省级非物质文化遗产普及用书.传统医药卷/山东省文化和旅游厅.-济南:济南出版社,2021 |
| 163页:图;24cm |
| ISBN 978-7-5488-4478-5:CNY56.00 |
| 本书是“山东省级非物质文化遗产普及读本”中的传统医药卷。它选取了有关东阿阿胶、宏济堂中医药等一系列山东省传统中医药的故事,按照地域排列,向读者展现了山东省丰富、深厚的中医药文化遗产。本书共包含34个省级传统医药项目。内容主要是以各市申报省级非物质文化遗产代表性项目的素材资料为依据。每一个非物质文化遗产项目都是以故事叙述与文化阐释相结合的形式呈现,兼具可读性与知识性;每个故事都配有相应的插图,图文互补,使知识体系更加完整,也增强了图书的趣味性和可读性;语言通俗易懂、叙事生动,富有民间文学艺术气息;资料充实,内容丰富,篇幅适中。 |
| ● |
| 相关链接 |
|
|
|
正题名:山东省级非物质文化遗产普及用书
索取号:G127.52/4:1
 
预约/预借
| 序号 | 登录号 | 条形码 | 馆藏地/架位号 | 状态 | 备注 |
| 1 | 2001059331 | 2001059331 | 辽宁一、悦读混合/辽宁北配(第三批)/辽批237/ [索取号:G127.52/4:1] | 在馆 | |
| 2 | 2001059332 | 2001059332 | 辽宁一、悦读混合/辽宁北配(第三批)/辽批237/ [索取号:G127.52/4:1] | 在馆 | |
| 3 | 2001059333 | 2001059333 | 辽宁一、悦读混合/辽宁北配(第三批)/辽批237/ [索取号:G127.52/4:1] | 在馆 | |
| 4 | 2001059334 | 2001059334 | 辽宁一、悦读混合/辽宁北配(第三批)/辽批237/ [索取号:G127.52/4:1] | 在馆 | |
| 5 | 2001059335 | 2001059335 | 辽宁一、悦读混合/辽宁北配(第三批)/辽批237/ [索取号:G127.52/4:1] | 在馆 | |
| 6 | 2001059336 | 2001059336 | 辽宁一、悦读混合/辽宁北配(第三批)/辽批237/ [索取号:G127.52/4:1] | 在馆 |